000
00199 a2200097 4500
001
5411
100
_a
Knudsen,M
245
_a
Kinetic theory of gases
260
_a
_b
Methuen
_c
090
_c
4447
_d
4447
942
_a
NUST-CAE
_c
M
_c
30764
999
_c
240484
_d
240484